| 000 | 00439nam a2200133Ia 4500 | ||
|---|---|---|---|
| 008 | 231129s1978||||xx |||||||||||||| ||spa|| | ||
| 020 | _a958-9043-01-1 (v.1 | ||
| 040 | _bspa | ||
| 082 | _aR 986.10202 M294 (EN PROCESO DE DESCARTE) V.2 Ej | ||
| 245 | 0 | _aManual de Historia de Colombia : Historia social economica y cultural | |
| 260 | _c1978 | ||
| 264 | _aBogotá Colombia: Colcultura | ||
| 942 |
_2ddc _cBKS |
||
| 999 |
_c20370 _d20370 |
||